| 000 | 00431nam a2200157Ia 4500 | ||
|---|---|---|---|
| 008 | 230312s9999||||xx |||||||||||||| ||und|| | ||
| 020 | _a0-471-20602-4 | ||
| 082 |
_a720.005 _bRAM-D |
||
| 100 | _aRamachandran | ||
| 245 | 0 | _aDesigning Security Architecture Solutions | |
| 260 |
_bJohn Wiley & Sons _aUSA _c2002 |
||
| 300 | _a452 | ||
| 546 | _aEng. | ||
| 650 |
_aArchitecture _vDesigning Security Architecture Solutions |
||
| 942 | _cBK | ||
| 999 |
_c9676 _d9676 |
||